Funciones de la administracin̤ concursal nueva regulacin̤ de la Ley concursal 22/2003, de 9 de julio /

Bibliographic Details
Main Author: Sanjuǹ y Muǫz, Enrique
Format: Unknown
Language:Spanish
Published: Madrid : Dijusa, 2004
Subjects:
Online Access:Acceso restringido

MARC

LEADER 00000ny a22000003n 4500
005 20110615134426.0
008 040617s2004 sp 000 0 spa d
017 |a D.L.M17111-04 
020 |a 9788495748515 
035 |a 2622 
040 |a Mpons  |d vLex 
080 |a 347.736(460) 
080 |a 347.739(460) 
090 |c 717  |d 717 
100 1 |a Sanjuǹ y Muǫz, Enrique 
245 1 0 |a Funciones de la administracin̤ concursal  |h [Recurso electrn̤ico]  |b nueva regulacin̤ de la Ley concursal 22/2003, de 9 de julio /  |c Enrique Sanjuǹ y Muǫz 
256 |a Servicio en ln̕ea 
260 |a Madrid :  |b Dijusa,  |c 2004 
300 |a 424 p. ;  |c 24 cm 
500 |a Incluye: "Plan general de contabilidad" 
506 1 |a Contenido solo disponible en los productos indicados  |d vLex Global  |d vLex Global (Academic Edition, excluding Law Schools)  |d vLex Global (U.S. Academic Edition, Law Schools)  |d vLex Global (U.S. Academic Edition, excluding Law Schools)  |d vLex Global (Academic Edition, Law Schools) 
650 0 7 |a Administracin̤ concursal  |2 Tesauro vLex 
650 0 7 |a Concursos  |2 Tesauro vLex 
740 0 |a vLex Libros (Servicios en ln̕ea) 
856 4 0 |u http://vlex.com/source/2622  |z Acceso restringido 
942 |c BOOK 
999 0 |a Contests  |b Madrid